[Event "Challenge"]
[Site "http://www.queenalice.com/game.php?id=1866059"]
[Date "2025.11.23"]
[Round "-"]
[White "jogo"]
[Black "MHRangel"]
[Result "0-1"]
[WhiteElo "1966"]
[BlackElo "1662"]

1. e4 c5 2. c3 d5 3. Nf3 dxe4 4. Ng5 Nf6 5. d3 Bf5 6. Qa4+ Qd7 7. Qxd7+ Nbxd7 8.
dxe4 Nxe4 9. Nxe4 Bxe4 10. f3 Bxb1 11. Rxb1 e6 12. Bb5 O-O-O 13. O-O Nb6 14. Bf4
a6 15. Be2 f6 16. Rfd1 Be7 17. Rxd8+ Rxd8 18. b3 Nd5 19. Bd2 f5 20. c4 Nb4 21.
a3 Nc2 22. Ba5 Nxa3 23. Ra1 Nc2 24. Ra2 Nd4 25. Bd1 Rd6 26. Bc3 Bf6 27. f4 e5
28. Rd2 e4 29. g4 e3 30. Ra2 Bh4 31. gxf5 Nxf5 32. Bg4 Bf2+ 33. Kf1 g6 34. Ra5
b6 35. Rxa6 Kb7 36. Ra2 Nd4 37. Bxd4 Rxd4 38. Bf3+ Kc7 39. Ra7+ Kd6 40. Rxh7
Rxf4 41. Bd5 Rf6 42. Ke2 Ke5 43. Re7+ Kd4 44. Rf7 Rxf7 45. Bxf7 g5 0-1

[Event "Challenge"]
[Site "http://www.queenalice.com/game.php?id=1866060"]
[Date "2025.11.23"]
[Round "-"]
[White "MHRangel"]
[Black "jogo"]
[Result "0-1"]
[WhiteElo "1642"]
[BlackElo "2006"]

1. d4 Nf6 2. c4 e6 3. Nf3 h6 4. e3 Bb4+ 5. Bd2 Bxd2+ 6. Qxd2 O-O 7. Bd3 Re8 8.
O-O d5 9. Ne5 Nbd7 10. Qc2 dxc4 11. Nxc4 b5 12. Na5 Ba6 13. Nc6 Qc8 14. Ne7+
Rxe7 15. e4 c5 16. e5 Nd5 17. Be4 Nb4 18. Qd2 Nd5 19. Nc3 cxd4 20. Nxd5 exd5 21.
Bxd5 Rb8 22. Qxd4 Qc5 23. Qxc5 Nxc5 24. f4 Bb7 25. Bxb7 Rbxb7 26. Rac1 Nd3 27.
Rc8+ Kh7 28. b3 Rec7 29. Rd8 Rd7 30. Rxd7 Rxd7 31. Rd1 Nc5 32. Rc1 Ne6 33. g3
Rd2 34. Ra1 Nd4 35. Kh1 Nf3 36. h4 Rh2# 0-1